El Significado de la abolición del ejército. Discursos del Presidente de la República Doctor Oscar Arias Sánchez
Сохранить в:
| Главный автор: | |
|---|---|
| Соавтор: | |
| Формат: | Текст |
| Опубликовано: |
San José:
Imprenta Nacional
|
| Метки: |
Добавить метку
Нет меток, Требуется 1-ая метка записи!
|
MARC
| LEADER | 00000 a a2200000 04500 | ||
|---|---|---|---|
| 001 | 25371 | ||
| 003 | |||
| 040 | |||
| 090 | |a 181500 | ||
| 100 | |a Arias Sánchez, Oscar | ||
| 110 | |a Costa Rica. Presidencia de la República | ||
| 245 | |a El Significado de la abolición del ejército. Discursos del Presidente de la República Doctor Oscar Arias Sánchez | ||
| 260 | |a San José: |b Imprenta Nacional | ||
| 300 | |a 43 p. | ||
| 999 | |c 1524 |d 1524 | ||
